000 00869nam a22003017a 4500
001 0000045
003 KOHA_MİRAKIL
005 20260207001157.0
007 ta
008 091120b tu |||gr||||#||||0|tur |
020 _a0134843940
_c46,13
040 _aTR-BiSEU
_btur
_cTR-BiSEU
_erda
041 0 _atur
044 _ctu
050 _aTA710
_b.H65 [t.y.]
100 1 _aHoltz, Robert.
245 1 _aGeoteknik mühendisliğine giriş/
_cRobert Holtz ; Robert Holtz; çeviren Kamil Kayabalı.
264 1 _aAnkara :
_bGazi Kitabevi
_c[t.y.]
300 _aIX, 636 sayfa :
_bresimli
336 _ametin
_btxt
_2rdacontent
337 _aaracısız
_bn
_2rdamedia
338 _acilt
_bnc
_2rdacarrier
500 _aKaynakça ve dizin var.
650 0 _aGeoteknik.
_91605
650 0 _aZemin mekaniği.
_91546
650 0 _aKaya mekaniği.
_91606
942 _2lcc
_cBK
999 _c46
_d46